=LDR 00000nam 2200000 4500 =001 INLIS000000000014693 =005 20130612105955 =008 ***********************************Ind** =035 ##$$0010-061300000014693 =041 ##$$a Ind =082 ##$$a F 813 =090 ##$$a F 813, Sah s =100 ##$$a Sahlan =245 ##$$a Sidudu, Sahlan =260 ##$$a 2001 $b Yogyakarta =300 ##$$a 19 hlm, Ilus, 15 cm =650 ##$$a Fiksi Indonesia =850 ##$$a NBPNMAT